000
00238nam a2200097Ia 4500
005
20251222114413.0
008
251222s1900||||xx |||||||||||||| ||spa||
082
_a
DVD0010/L95/1975
245
0
_a
Tarde de perros:Dog day afternoon
942
_c
DVD
999
_c
2102
_d
2102